| 000 | 00831nam a2200241Ia 4500 | ||
|---|---|---|---|
| 003 | OSt | ||
| 005 | 20220923211100.0 | ||
| 006 | a|||||r|||| 00| 0 | ||
| 007 | ta | ||
| 008 | 220922b |||||||| |||| 00| 0 pan d | ||
| 020 |
_a817883247X (hbk) _c200 |
||
| 024 | _a243,267 | ||
| 037 |
_b301, 08/10/2010, H.K. Prakashan _cTextual |
||
| 040 |
_aARTS _cARTS _bpan |
||
| 041 |
_2pan _apan |
||
| 082 | _aO153,1NPA:g, P6 | ||
| 100 |
_aਸਿੰਘ ਗੁਰ.ਿੲਕਬਾਲ, ਥਦ. _9157990 |
||
| 245 | 0 | _aਪਾਤਰ ਕਾਵਿ ਚਿੰਤਨ | |
| 260 |
_aਲੁਧਿਆਨਾ _b ਚੇਤਨਾ ਪ੍ਰਕਾFਨ _c2006 |
||
| 300 |
_a184ਪੰ _ccm. |
||
| 942 |
_hO153,1NPA:g, P6 _cTEXL _2CC |
||
| 999 |
_c294980 _d294980 |
||